| 000 | 00772 a2200193 4500 | ||
|---|---|---|---|
| 999 |
_c8128 _d8128 |
||
| 020 | _a9781452217619 | ||
| 020 | _a141295942X (pbk. : acidfree paper) | ||
| 050 | 0 | 0 | _aP 91.3 WAR 2011 |
| 100 | 1 |
_aWarren, John T., _d1974-2011. _eauthor |
|
| 245 | 1 | 0 |
_aCommunication : _ba critical/cultural introduction / _cJohn T. Warren, Deanna L. Fassett. |
| 264 |
_aLos Angeles : _bSage _c2011 |
||
| 300 |
_axviii, 212 p. : _bill. ; |
||
| 500 | _aIncludes bibliographical references and index. | ||
| 504 | _aIncludes bibliographical references and index. | ||
| 650 | 0 | _aCommunication and culture | |
| 700 | 1 |
_aFassett, Deanna L. _eauthor |
|
| 942 |
_2lcc _cBK _h91.3 _iWAR _kP |
||